<?xml version="1.0" encoding="UTF-8"?>
<collection xmlns="http://www.loc.gov/MARC21/slim">
<record>
  <controlfield tag="001">899</controlfield>
  <controlfield tag="005">20251204151844.0</controlfield>
  <datafield tag="024" ind1="8" ind2="0">
    <subfield code="a">MSS0001-0271</subfield>
  </datafield>
  <datafield tag="037" ind1=" " ind2=" ">
    <subfield code="a">DA</subfield>
  </datafield>
  <datafield tag="041" ind1=" " ind2=" ">
    <subfield code="a">eng</subfield>
  </datafield>
  <datafield tag="245" ind1=" " ind2=" ">
    <subfield code="a">Fouad A. Bashour, M.D., Ph.D.</subfield>
  </datafield>
  <datafield tag="260" ind1=" " ind2=" ">
    <subfield code="c">1991</subfield>
  </datafield>
  <datafield tag="269" ind1=" " ind2=" ">
    <subfield code="a">1991</subfield>
  </datafield>
  <datafield tag="300" ind1=" " ind2=" ">
    <subfield code="a">17.5 x 12.6 cm.</subfield>
    <subfield code="c">jpeg</subfield>
  </datafield>
  <datafield tag="336" ind1=" " ind2=" ">
    <subfield code="a">Image</subfield>
  </datafield>
  <datafield tag="520" ind1=" " ind2=" ">
    <subfield code="a">Faculty portrait of Dr. Fouad A. Bashour.</subfield>
  </datafield>
  <datafield tag="533" ind1=" " ind2=" ">
    <subfield code="d">2013</subfield>
  </datafield>
  <datafield tag="540" ind1=" " ind2=" ">
    <subfield code="a">Use of this item is managed by UT Southwestern Special Collections Library and Archives. Please contact the Special Collections Library and Archives at archives@utsouthwestern.edu regarding use.</subfield>
  </datafield>
  <datafield tag="542" ind1=" " ind2=" ">
    <subfield code="u">http://rightsstatements.org/vocab/InC/1.0/</subfield>
  </datafield>
  <datafield tag="545" ind1=" " ind2=" ">
    <subfield code="a">Dr. Fouad A. Bashour was a professor of physiology at UT Southwestern, a recognized authority in cardiovascular disease, and an Ashbel Smith Professor. He joined the UT Southwestern faculty in 1959, and treated patients until his death. He also served on the medical staffs of a number of local hospitals. Dr. Bashour was among the Southwestern Medical School physicians who attended President John F. Kennedy after the President was shot on November 22, 1963.</subfield>
  </datafield>
  <datafield tag="555" ind1=" " ind2=" ">
    <subfield code="u">https://utsouthwestern.as.atlas-sys.com/repositories/2/resources/32</subfield>
  </datafield>
  <datafield tag="650" ind1=" " ind2=" ">
    <subfield code="a">Bashour, Fouad A., 1924-2003</subfield>
    <subfield code="2">local</subfield>
  </datafield>
  <datafield tag="650" ind1=" " ind2=" ">
    <subfield code="a">Faculty, Medical</subfield>
    <subfield code="2">mesh</subfield>
  </datafield>
  <datafield tag="650" ind1=" " ind2=" ">
    <subfield code="a">Physiology</subfield>
    <subfield code="2">mesh</subfield>
  </datafield>
  <datafield tag="650" ind1=" " ind2=" ">
    <subfield code="a">Patient Care</subfield>
    <subfield code="2">mesh</subfield>
  </datafield>
  <datafield tag="651" ind1=" " ind2=" ">
    <subfield code="a">Dallas (Tex.)</subfield>
  </datafield>
  <datafield tag="655" ind1=" " ind2=" ">
    <subfield code="a">Photograph</subfield>
  </datafield>
  <datafield tag="856" ind1="4" ind2=" ">
    <subfield code="u">https://utsw.tind.io/record/899/files/MSS0001-0271.jp2</subfield>
    <subfield code="9">bec879cb-4f3e-4a76-ad58-62549ba7a589</subfield>
    <subfield code="s">395801</subfield>
  </datafield>
  <datafield tag="856" ind1="4" ind2=" ">
    <subfield code="u">https://utswdigitalarchives.utsouthwestern.edu/record/899/files/MSS0001-0271.jp2</subfield>
    <subfield code="9">bec879cb-4f3e-4a76-ad58-62549ba7a589</subfield>
    <subfield code="s">395801</subfield>
  </datafield>
  <datafield tag="909" ind1="C" ind2="O">
    <subfield code="o">oai:utswdigitalarchives.utsouthwestern.edu:899</subfield>
    <subfield code="p">newspub</subfield>
    <subfield code="q">GLOBAL_SET</subfield>
  </datafield>
  <datafield tag="982" ind1=" " ind2=" ">
    <subfield code="a">The Office of News and Publications Collection</subfield>
  </datafield>
</record>
</collection>